Kenya : (Record no. 32532)
[ view plain ]
| 000 -LEADER | |
|---|---|
| fixed length control field | 01005cam a2200301 a 4500 |
| 001 - CONTROL NUMBER | |
| control field | 1173056 |
| 003 - CONTROL NUMBER IDENTIFIER | |
| control field | OSt |
| 005 - DATE AND TIME OF LATEST TRANSACTION | |
| control field | 20230405130421.0 |
| 008 - FIXED-LENGTH DATA ELEMENTS--GENERAL INFORMATION | |
| fixed length control field | 960610s1996 enka 000 0aeng d |
| 010 ## - LIBRARY OF CONGRESS CONTROL NUMBER | |
| LC control number | 96185815 |
| 020 ## - INTERNATIONAL STANDARD BOOK NUMBER | |
| International Standard Book Number | 1869886089 |
| 035 ## - SYSTEM CONTROL NUMBER | |
| System control number | (OCoLC)34902340 |
| 040 ## - CATALOGING SOURCE | |
| Original cataloging agency | MMU |
| Transcribing agency | MMU |
| Modifying agency | MMU |
| Language of cataloging | eng |
| 042 ## - AUTHENTICATION CODE | |
| Authentication code | lccopycat |
| 043 ## - GEOGRAPHIC AREA CODE | |
| Geographic area code | f-ke--- |
| 050 00 - LIBRARY OF CONGRESS CALL NUMBER | |
| Classification number | DT433.582.M28 |
| Item number | A3 1996 |
| 100 0# - MAIN ENTRY--PERSONAL NAME | |
| Personal name | Maina wa Kinyatti. |
| 245 10 - TITLE STATEMENT | |
| Title | Kenya : |
| Remainder of title | a prison notebook / |
| Statement of responsibility, etc. | Maina wa Kinyatti. |
| 260 ## - PUBLICATION, DISTRIBUTION, ETC. (IMPRINT) | |
| Place of publication, distribution, etc. | London : |
| Name of publisher, distributor, etc. | Vita Books : |
| Place of publication, distribution, etc. | Jamaica, N.Y., |
| Name of publisher, distributor, etc. | Mau Mau Research Center, |
| Date of publication, distribution, etc. | c1996. |
| 300 ## - PHYSICAL DESCRIPTION | |
| Extent | iii, 286 p. : |
| Other physical details | ill. ; |
| Dimensions | 23 cm. |
| 600 10 - SUBJECT ADDED ENTRY--PERSONAL NAME | |
| Personal name | Maina wa Kinyatti |
| General subdivision | Imprisonment. |
| 650 #0 - SUBJECT ADDED ENTRY--TOPICAL TERM | |
| Topical term or geographic name as entry element | Political prisoners |
| Geographic subdivision | Kenya |
| Form subdivision | Biography. |
| 650 #0 - SUBJECT ADDED ENTRY--TOPICAL TERM | |
| Topical term or geographic name as entry element | Historians |
| Geographic subdivision | Kenya |
| Form subdivision | Biography. |
| 651 #0 - SUBJECT ADDED ENTRY--GEOGRAPHIC NAME | |
| Geographic name | Kenya |
| General subdivision | Politics and government |
| Chronological subdivision | 1978- |
| 906 ## - LOCAL DATA ELEMENT F, LDF (RLIN) | |
| a | 7 |
| b | cbc |
| c | copycat |
| d | u |
| e | ncip |
| f | 19 |
| g | y-gencatlg |
| 942 ## - ADDED ENTRY ELEMENTS (KOHA) | |
| Source of classification or shelving scheme | Library of Congress Classification |
| Koha item type | L |
| Withdrawn status | Lost status | Source of classification or shelving scheme | Damaged status | Not for loan | Home library | Current library | Date acquired | Source of acquisition | Cost, normal purchase price | Total Checkouts | Full call number | Barcode | Date last seen | Price effective from | Koha item type |
|---|---|---|---|---|---|---|---|---|---|---|---|---|---|---|---|
| Library of Congress Classification | Maasai Mara University Library -Main Campus | Maasai Mara University Library -Main Campus | 04/06/2016 | Purchased | 580.00 | DT 433.582 .M28A3 1996 | 201514920 | 04/05/2023 | 04/05/2023 | L |